[Event "4NCL Division 1 & 2"]
[Site "Daventry, ENG"]
[Date "2022.05.02"]
[Round "9.125"]
[White "Parker, Francis"]
[Black "James, Russell A"]
[Result "0-1"]
[WhiteElo "2120"]
[BlackElo "2140"]
[PlyCount "62"]
[EventDate "2022.05.02"]
[WhiteTeam "Check Inn"]
[BlackTeam "Warwickshire Select 1"]

1. f4 Nf6 2. Nf3 d5 3. c4 d4 4. b4 Bg4 5. Ne5 e6 6. g3 c6 7. Nxg4 Nxg4 8. Qb3
a5 9. h3 Nh6 10. b5 a4 11. Qf3 Nf5 12. Bb2 Be7 13. h4 Qa5 14. Qd3 a3 15. Bc1
cxb5 16. cxb5 Nd7 17. Bg2 Ne3 18. Be4 f5 19. Qxd4 Ng4 20. Bg2 Rd8 21. Nc3 O-O
22. Qc4 Qb6 23. Bc6 Qf2+ 24. Kd1 Ne3+ 25. dxe3 Ne5+ 26. Qd4 Nxc6 27. bxc6 Rxd4+
28. exd4 Qg2 29. Re1 Qxc6 30. Bd2 Bb4 31. Rc1 Rc8 0-1

[Event "4NCL Division 1 & 2"]
[Site "Daventry, ENG"]
[Date "2022.05.02"]
[Round "9.126"]
[White "Shearsby, Jude"]
[Black "Rabbitt, Michael"]
[Result "1/2-1/2"]
[WhiteElo "2053"]
[BlackElo "1990"]
[PlyCount "69"]
[EventDate "2022.05.02"]
[WhiteTeam "Warwickshire Select 1"]
[BlackTeam "Check Inn"]

1. e4 e5 2. Nf3 Nc6 3. Bb5 f5 4. Nc3 fxe4 5. Nxe4 d5 6. Nxe5 dxe4 7. Nxc6 Qd5
8. c4 Qd6 9. Qh5+ g6 10. Qe5+ Qxe5 11. Nxe5+ c6 12. Ba4 Bg7 13. f4 exf3 14.
Nxf3 Bf5 15. d4 O-O-O 16. Be3 Nf6 17. O-O Bd3 18. Rfc1 Ng4 19. Bg5 Rde8 20. h3
Ne3 21. Rc3 Nxc4 22. Bb3 Nxb2 23. Bc1 Rhf8 24. Bxb2 Rxf3 25. gxf3 Bxd4+ 26. Kh1
Bxc3 27. Bxc3 Re3 28. Re1 Be2 29. Kg1 Rxc3 30. Rxe2 Rxf3 31. Re7 g5 32. Kg2 Rd3
33. Kf2 b5 34. Ke2 Rg3 35. Kd2 1/2-1/2

[Event "4NCL Division 1 & 2"]
[Site "Daventry, ENG"]
[Date "2022.05.02"]
[Round "9.127"]
[White "Ashworth, Robert"]
[Black "Page, Mark E"]
[Result "1/2-1/2"]
[WhiteElo "1902"]
[BlackElo "2116"]
[PlyCount "51"]
[EventDate "2022.05.02"]
[WhiteTeam "Check Inn"]
[BlackTeam "Warwickshire Select 1"]

1. e4 c5 2. Nf3 d6 3. Bb5+
Bd7 4. Bxd7+ Qxd7 5. c4 g6 6. Nc3 Bg7 7. d4 cxd4 8. Nxd4 Nf6 9. f3 O-O 10. Be3
Rc8 11. b3 Nc6 12. O-O Qd8 13. Qd2 a6 14. Rac1 Nxd4 15. Bxd4 Qa5 16. Rfd1 b5
17. cxb5 axb5 18. Qd3 b4 19. Na4 Nd7 20. Bxg7 Kxg7 21. Qd4+ Kg8 22. Rc4 Rxc4
23. Qxc4 Nb6 24. Nxb6 Qxb6+ 25. Qd4 Qxd4+ 26. Rxd4 1/2-1/2

[Event "4NCL Division 1 & 2"]
[Site "Daventry, ENG"]
[Date "2022.05.02"]
[Round "9.128"]
[White "Cooper, David M"]
[Black "Fernando, Manel"]
[Result "1/2-1/2"]
[WhiteElo "2015"]
[BlackElo "1603"]
[PlyCount "65"]
[EventDate "2022.05.02"]
[WhiteTeam "Warwickshire Select 1"]
[BlackTeam "Check Inn"]

1. Nf3 Nc6 2. d4 d5 3. g3 Nf6 4. Bg2 e6 5. O-O Be7 6. Nbd2 O-O 7. c3 Re8 8. b4
a6 9. Qc2 Bd6 10. e4 dxe4 11. Nxe4 e5 12. Nxf6+ Qxf6 13. Bg5 Qf5 14. Qxf5 Bxf5
15. dxe5 Nxe5 16. Nd4 Bc8 17. Rfe1 h6 18. Bd2 Kf8 19. f4 Nc4 20. Rxe8+ Kxe8 21.
Re1+ Kf8 22. Bc1 c6 23. Nxc6 a5 24. b5 Bc5+ 25. Kh1 Bd7 26. Nd4 Rb8 27. a4 Nb6
28. Nb3 Nxa4 29. Nxa5 Nxc3 30. Nxb7 Bb6 31. Ba3+ Kg8 32. Nd6 Nxb5 33. Nxb5
1/2-1/2

[Event "4NCL Division 1 & 2"]
[Site "Daventry, ENG"]
[Date "2022.05.02"]
[Round "9.131"]
[White "Olson, Hamish"]
[Black "Ratnesan, Ranesh"]
[Result "1-0"]
[WhiteElo "2300"]
[BlackElo "2268"]
[PlyCount "147"]
[EventDate "2022.05.02"]
[WhiteTeam "Alba"]
[BlackTeam "KJCA Kings"]

1. d4 Nf6 2. Nf3 g6 3. g3 Bg7 4. Bg2 O-O 5. O-O d6 6. Nbd2 Nbd7 7. e4 e5 8.
dxe5 dxe5 9. b3 Re8 10. Bb2 c6 11. a4 Qc7 12. Re1 b5 13. Bf1 Rb8 14. b4 Bf8 15.
c3 a6 16. Qb1 Bh6 17. Rc1 c5 18. c4 bxa4 19. b5 Nb6 20. Bc3 Nfd7 21. Qc2 Ra8
22. Nb1 axb5 23. cxb5 Bb7 24. Na3 Bg7 25. Nd2 h5 26. Ndc4 Nc8 27. Rd1 Nf6 28.
f3 Nh7 29. Bg2 Qe7 30. Qd2 h4 31. Qd7 hxg3 32. hxg3 Nf8 33. Qxe7 Rxe7 34. Na5
Ne6 35. N3c4 Nd4 36. Kf2 f6 37. Rdb1 Bf8 38. Bf1 Rb8 39. Nxb7 Rexb7 40. Na5 Rc7
41. Rxa4 Nb6 42. Ra2 Ra8 43. Raa1 Rca7 44. Nc4 Rxa1 45. Rxa1 Rxa1 46. Bxa1 Nxc4
47. Bxc4+ Kg7 48. Bc3 Bd6 49. Ba5 Kf8 50. Bd8 Be7 51. Bc7 Ke8 52. Ba5 Kd7 53.
f4 exf4 54. gxf4 Bd6 55. Bd2 Ke7 56. b6 Bb8 57. Bd5 Kd6 58. Ke3 Ne6 59. Kd3 Ke7
60. f5 gxf5 61. exf5 Nf8 62. Kc4 Nd7 63. Kb5 Bd6 64. Be3 Kd8 65. Be6 Ke7 66.
Bxd7 Kxd7 67. Bxc5 Be5 68. Bb4 Bd4 69. Bf8 Be3 70. Bc5 Bg5 71. Ka6 Kc6 72. Bd6
Kxd6 73. b7 Kc7 74. Ka7 1-0

[Event "4NCL Division 1 & 2"]
[Site "Daventry, ENG"]
[Date "2022.05.02"]
[Round "9.132"]
[White "Ashton, Adam G"]
[Black "Berry, Neil"]
[Result "1-0"]
[WhiteElo "2355"]
[BlackElo "2260"]
[PlyCount "135"]
[EventDate "2022.05.02"]
[WhiteTeam "Chessable White Rose 2"]
[BlackTeam "Alba"]

1. e4 e5 2. Nf3 Nc6 3. Bc4 Nf6 4. d3 Bc5 5. c3 a6 6. O-O d6 7. a4 Ba7 8. Re1
O-O 9. h3 h6 10. Nbd2 Re8 11. b4 Be6 12. Bxe6 Rxe6 13. Bb2 Ne7 14. Nf1 Ng6 15.
c4 b5 16. axb5 axb5 17. Qc2 bxc4 18. dxc4 Qb8 19. Bc3 Qb7 20. Ng3 Ree8 21. Bd2
Bd4 22. Nxd4 exd4 23. f3 Qb6 24. c5 dxc5 25. bxc5 Qe6 26. Nf5 Qe5 27. Qc4 Rxa1
28. Rxa1 Rd8 29. Rd1 Nd7 30. Bb4 Ndf8 31. Rxd4 Rxd4 32. Qxd4 Ne6 33. Ne7+ Kh7
34. Qxe5 Nxe5 35. c6 Nd8 36. Ba5 Ndxc6 37. Nxc6 Nxc6 38. Bxc7 g5 39. Kf2 Kg6
40. Ke3 Kf6 41. g3 h5 42. f4 gxf4+ 43. gxf4 Kg6 44. f5+ Kg5 45. Bg3 f6 46. Be1
Ne5 47. Bc3 Nd7 48. Kf3 Kh4 49. Kg2 Kg5 50. Kg3 h4+ 51. Kf3 Kh5 52. Kf4 Kh6 53.
Bb2 Kg7 54. Bd4 Nb8 55. Kg4 Nc6 56. Bc3 Na7 57. Kxh4 Nb5 58. Bb4 Nd4 59. Kg4
Nc2 60. Bc3 Ne3+ 61. Kf3 Nc4 62. Kf4 Kf7 63. h4 Kg7 64. h5 Nb6 65. h6+ Kxh6 66.
Bxf6 Kh7 67. Bd4 Nc8 68. Bc5 1-0

[Event "4NCL Division 1 & 2"]
[Site "Daventry, ENG"]
[Date "2022.05.02"]
[Round "9.133"]
[White "Harakis, Alexis M"]
[Black "Wall, Tim P"]
[Result "0-1"]
[WhiteElo "2283"]
[BlackElo "2291"]
[PlyCount "170"]
[EventDate "2022.05.02"]
[WhiteTeam "KJCA Kings"]
[BlackTeam "Chessable White Rose 2"]

1. d4 d5 2. c4 Bf5 3. cxd5 Bxb1 4. Rxb1 Qxd5 5. e3 Nc6 6. Ne2 e5 7. Nc3 Bb4 8.
Bd2 Bxc3 9. bxc3 Nf6 10. c4 Qe4 11. d5 Nd8 12. f3 Qg6 13. Bb4 Nd7 14. Rb2 a5
15. Ba3 Qh6 16. Bd3 Qxe3+ 17. Re2 Qd4 18. Bb2 Qc5 19. f4 f6 20. fxe5 fxe5 21.
Bxe5 O-O 22. Bd4 Qb4+ 23. Qd2 Nc5 24. Bc2 Qxc4 25. Qe3 Nd7 26. Bb3 Qb4+ 27. Bc3
Qd6 28. Qd4 Rf6 29. Re8+ Kf7 30. Qe3 a4 31. Bxf6 Nxf6 32. O-O axb3 33. Rh8 Qb6
34. Qxb6 cxb6 35. axb3 Ke7 36. g4 Ra5 37. Re1+ Kd7 38. g5 Nxd5 39. Rxh7 Ne6 40.
h4 Kd6 41. Rh8 Rb5 42. Rb1 Rb4 43. Kf2 Nc3 44. Rf1 Rxb3 45. Kf3 Nd5+ 46. Ke2
Ndf4+ 47. Kd2 b5 48. h5 Rg3 49. g6 Rh3 50. Kc1 Rxh5 51. Rxh5 Nxh5 52. Rf5 Nhf4
53. Rxb5 Nd3+ 54. Kd2 Ndc5 55. Rb1 Ke5 56. Rf1 Nf4 57. Ke3 Nce6 58. Rb1 Nd5+
59. Kd3 b6 60. Kc4 Nef4 61. Rh1 Kf5 62. Rg1 Nc7 63. Rf1 Kg5 64. Rd1 b5+ 65. Kc5
Nfe6+ 66. Kd6 Kxg6 67. Rf1 Kh5 68. Ke5 Kg4 69. Ke4 Kg3 70. Ke3 g5 71. Rg1+ Kh4
72. Rh1+ Kg4 73. Ke4 Kg3 74. Rg1+ Kf2 75. Rb1 g4 76. Rb2+ Kg3 77. Rb4 Kh3 78.
Rb1 g3 79. Rh1+ Kg4 80. Ke3 Nd5+ 81. Ke4 Nef4 82. Rh8 g2 83. Rg8+ Kh3 84. Kf3
Kh2 85. Rh8+ Nh3 0-1

[Event "4NCL Division 1 & 2"]
[Site "Daventry, ENG"]
[Date "2022.05.02"]
[Round "9.134"]
[White "Merriman, John"]
[Black "Morrison, Graham"]
[Result "1/2-1/2"]
[WhiteElo "2290"]
[BlackElo "2227"]
[PlyCount "104"]
[EventDate "2022.05.02"]
[WhiteTeam "KJCA Kings"]
[BlackTeam "Alba"]

1. d4 Nf6 2. c4 e6 3. Nc3 Bb4 4. e3 O-O 5. Nge2 d5 6. a3 Be7 7. Nf4 c6 8. cxd5
exd5 9. Bd3 Re8 10. O-O Nbd7 11. f3 Nf8 12. Bc2 Ne6 13. g4 Nxf4 14. exf4 Bd6
15. f5 Qc7 16. Rf2 Bxh2+ 17. Rxh2 Qg3+ 18. Kh1 Re1+ 19. Qxe1 Qxe1+ 20. Kg2 Nd7
21. Rh1 Qe8 22. f6 g6 23. Bg5 Nf8 24. Bh6 Bxg4 25. fxg4 Qe6 26. Kg3 Qxf6 27.
Rad1 Ne6 28. Rhf1 Qd8 29. Rd2 b5 30. Ne2 Qb6 31. Rf3 a5 32. Be3 Re8 33. Nc1 Kg7
34. Nb3 Qc7+ 35. Kg2 a4 36. Nc1 Qb6 37. Ne2 h6 38. Nc3 Ng5 39. Rg3 Qb8 40. Rf2
Re6 41. Ne2 Qe8 42. Bxg5 Rxe2 43. Bf6+ Kg8 44. Bd3 Rxf2+ 45. Kxf2 Qe6 46. Be5
c5 47. Re3 c4 48. Be2 b4 49. axb4 Qb6 50. Bf3 f6 51. Bxd5+ Kg7 52. Rf3 fxe5
1/2-1/2

[Event "4NCL Division 1 & 2"]
[Site "Daventry, ENG"]
[Date "2022.05.02"]
[Round "9.135"]
[White "Gourlay, Iain"]
[Black "Townsend, M Paul"]
[Result "1-0"]
[WhiteElo "2318"]
[BlackElo "2229"]
[PlyCount "81"]
[EventDate "2022.05.02"]
[WhiteTeam "Alba"]
[BlackTeam "Chessable White Rose 2"]

1. c4 e6 2. g3 Nf6 3. Bg2 d5 4. Nf3 Be7 5. O-O O-O 6. d4 Nbd7 7. Qc2 c6 8. Nbd2
b6 9. e4 Ba6 10. e5 Ne8 11. Re1 Rc8 12. cxd5 cxd5 13. Qb3 Nb8 14. Nf1 Nc6 15.
Bd2 Bc4 16. Qa4 Qd7 17. Ne3 b5 18. Qc2 b4 19. Rac1 Bb5 20. h4 f5 21. exf6 Nxf6
22. Qd1 Ne4 23. Ng4 Bd6 24. Ng5 Nxg5 25. Bxg5 Qf7 26. Bh3 Kh8 27. Qd2 Rce8 28.
Ne5 Nxe5 29. dxe5 Be7 30. Be3 Rc8 31. Bxa7 Rxc1 32. Rxc1 Bxh4 33. Be3 Bd8 34.
Qxb4 Bd7 35. a4 Kg8 36. Qd4 h5 37. Ra1 h4 38. gxh4 Qg6+ 39. Qg4 Qh7 40. a5 Bxh4
41. a6 1-0

[Event "4NCL Division 1 & 2"]
[Site "Daventry, ENG"]
[Date "2022.05.02"]
[Round "9.136"]
[White "Han, Yichen"]
[Black "Young, Daniel J"]
[Result "1-0"]
[WhiteElo "2303"]
[BlackElo "1948"]
[PlyCount "59"]
[EventDate "2022.05.02"]
[WhiteTeam "Chessable White Rose 2"]
[BlackTeam "KJCA Kings"]

1. d4 d5 2. c4 c6 3. Nf3 Nf6 4. e3 a6 5. Ne5 e6 6. Nd2 c5 7. Qa4+ Nbd7 8. Ndf3
Bd6 9. dxc5 Bxc5 10. b4 Be7 11. c5 O-O 12. Bb2 Nxe5 13. Nxe5 Nd7 14. Qc2 a5 15.
Bd3 h6 16. a3 axb4 17. axb4 Rxa1+ 18. Bxa1 Nxe5 19. Bxe5 b6 20. O-O bxc5 21.
bxc5 Qa5 22. c6 Ba6 23. Bxa6 Qxa6 24. Ra1 Qb5 25. Rb1 Qa5 26. g3 Rc8 27. c7 f6
28. Qc6 Kf7 29. Qd7 fxe5 30. Qxc8 1-0

[Event "4NCL Division 1 & 2"]
[Site "Daventry, ENG"]
[Date "2022.05.02"]
[Round "9.137"]
[White "Grassie, Duncan"]
[Black "Bansal, Rohan"]
[Result "0-1"]
[WhiteElo "2065"]
[BlackElo "1957"]
[PlyCount "100"]
[EventDate "2022.05.02"]
[WhiteTeam "Alba"]
[BlackTeam "KJCA Kings"]

1. d4 e6 2. e4 d5 3. e5 c5 4. c3 Bd7 5. Nf3 Qb6 6. Be2 Bb5 7. O-O Bxe2 8. Qxe2
Qa6 9. Qc2 b6 10. Be3 Nd7 11. a4 Rc8 12. Qb3 c4 13. Qb5 Qb7 14. a5 a6 15. Qa4
b5 16. Qc2 Ne7 17. Nbd2 Qc7 18. Ng5 g6 19. f4 h6 20. Nh3 Nf5 21. Bf2 h5 22. Ng5
Be7 23. Ndf3 Qd8 24. h3 Nf8 25. Qd2 Nh7 26. Nxh7 Rxh7 27. g4 Ng7 28. Ne1 Kd7
29. Nc2 hxg4 30. hxg4 Qh8 31. Bg3 Rh1+ 32. Kf2 Rxf1+ 33. Rxf1 Qh3 34. Ne3 Rh8
35. Rg1 Bh4 36. Qc2 Qh2+ 37. Kf1 Bxg3 38. f5 Qxc2 39. Nxc2 Bf4 40. Nb4 gxf5 41.
Nxa6 Rh2 42. Nc5+ Kc7 43. Na6+ Kb7 44. Nc5+ Ka7 45. g5 Be3 46. g6 Bxg1 47. gxf7
Rh8 48. Nd7 Be3 49. Ke2 Bc1 50. f8=Q Rxf8 0-1

[Event "4NCL Division 1 & 2"]
[Site "Daventry, ENG"]
[Date "2022.05.02"]
[Round "9.138"]
[White "Weller, Jean-Luc"]
[Black "White, Stuart A"]
[Result "1-0"]
[WhiteElo "2240"]
[BlackElo "2038"]
[PlyCount "79"]
[EventDate "2022.05.02"]
[WhiteTeam "Chessable White Rose 2"]
[BlackTeam "Alba"]

1. d4 d5 2. c4 c6 3. Nf3 Nf6 4. e3 e6 5. Bd3 dxc4 6. Bxc4 Nbd7 7. O-O Bd6 8.
Nbd2 O-O 9. Qc2 b6 10. e4 e5 11. dxe5 Nxe5 12. Nxe5 Bxe5 13. Nf3 Qe7 14. Re1
Bg4 15. Nxe5 Qxe5 16. Bd2 Rfe8 17. Bc3 Qg5 18. Re3 Rad8 19. h3 Bh5 20. e5 Nd5
21. Bxd5 Rxd5 22. Qa4 b5 23. Qxa7 Qd8 24. e6 Re7 25. exf7+ Rxf7 26. Qa6 Rd1+
27. Rxd1 Qxd1+ 28. Re1 Qd7 29. Qb6 h6 30. Qd4 Qc8 31. b3 Bg6 32. a4 bxa4 33.
bxa4 Qf5 34. a5 Qb5 35. Re3 c5 36. Qe5 Qc4 37. Qe6 Qf4 38. Rg3 Qxf2+ 39. Kh2
Qf5 40. Qxg6 1-0

[Event "4NCL Division 1 & 2"]
[Site "Daventry, ENG"]
[Date "2022.05.02"]
[Round "9.139"]
[White "Skettos, Nicolas"]
[Black "Walton, Alan J"]
[Result "1/2-1/2"]
[WhiteElo "1929"]
[BlackElo "2101"]
[PlyCount "28"]
[EventDate "2022.05.02"]
[WhiteTeam "KJCA Kings"]
[BlackTeam "Chessable White Rose 2"]

1. e4 e6 2. d4 d5 3. Nc3 Nf6 4. Bg5 Be7 5. e5 Nfd7 6. Bxe7 Qxe7 7. f4 O-O 8.
Nf3 c5 9. Qd2 Nc6 10. dxc5 Qxc5 11. O-O-O Nb6 12. Kb1 Nc4 13. Bxc4 Qxc4 14. h4
f6 1/2-1/2

[Event "4NCL Division 1 & 2"]
[Site "Daventry, ENG"]
[Date "2022.05.02"]
[Round "9.140"]
[White "Cooke, Suzie G."]
[Black "Merriman, James"]
[Result "1-0"]
[WhiteElo "1924"]
[BlackElo "1913"]
[PlyCount "57"]
[EventDate "2022.05.02"]
[WhiteTeam "Alba"]
[BlackTeam "KJCA Kings"]

1. d4 Nf6 2. Bf4 c5 3. e3 g6 4. c3 b6 5. Nd2 Bb7 6. Ngf3 Bg7 7. h3 O-O 8. Be2
d6 9. O-O Re8 10. Qc2 Nc6 11. e4 cxd4 12. Nxd4 Nxd4 13. cxd4 Rc8 14. Qb1 Nd7
15. Be3 e5 16. d5 f5 17. exf5 gxf5 18. Qxf5 Bxd5 19. Bd3 Nf8 20. Ne4 Be6 21.
Qh5 Bf7 22. Qg4 d5 23. Bg5 Be6 24. Qg3 Qd7 25. Nf6+ Bxf6 26. Bxf6+ Ng6 27. Bxg6
hxg6 28. Qxg6+ Kf8 29. Qh6+ 1-0

[Event "4NCL Division 1 & 2"]
[Site "Daventry, ENG"]
[Date "2022.05.02"]
[Round "9.141"]
[White "Arnott, Jonathan W"]
[Black "Vijayakumar, Rishi"]
[Result "1-0"]
[WhiteElo "2130"]
[BlackElo "1800"]
[PlyCount "42"]
[EventDate "2022.05.02"]
[WhiteTeam "Chessable White Rose 2"]
[BlackTeam "Alba"]

1. e4 c6 2. d4 d5 3. e5 Bf5 4. Nd2 e6 5. Nb3 Nd7 6. Nf3 Ne7 7. Be2
h6 8. O-O c5 9. c4 Qc7 10. Nxc5 Nxc5 11. dxc5 Rd8 12. cxd5 Rxd5 13. Qa4+ Nc6
14. b4 Qd7 15. Bc4 Be7 16. Bxd5 Qxd5 17. b5 Nxe5 18. Nxe5 Qxe5 19. b6+ Kd8 20.
Bf4 Qe4 21. Rad1+ Kc8 1-0

[Event "4NCL Division 1 & 2"]
[Site "Daventry, ENG"]
[Date "2022.05.02"]
[Round "9.142"]
[White "Verma, Shlok"]
[Black "Heritage, Jamie"]
[Result "1/2-1/2"]
[WhiteElo "1831"]
[BlackElo "2142"]
[PlyCount "74"]
[EventDate "2022.05.02"]
[WhiteTeam "KJCA Kings"]
[BlackTeam "Chessable White Rose 2"]

1. d4 d5 2. c4 c6 3. Nf3 Nf6 4. Nc3 dxc4 5. a4 Bf5 6. e3 e6 7. Bxc4 Bb4 8. O-O
Nbd7 9. Qe2 Bg6 10. Rd1 Qe7 11. Bd2 O-O 12. Nb1 Bd6 13. Bc3 Ne4 14. Nbd2 Ndf6
15. Bd3 h6 16. Nc4 Bc7 17. Be1 Bh5 18. Nce5 Ng5 19. Bc3 Bxe5 20. dxe5 Nfe4 21.
Bxe4 Nxe4 22. Rd4 Nxc3 23. bxc3 Bxf3 24. Qxf3 Qc5 25. Qg3 Qxc3 26. Rad1 Qc2 27.
R1d2 Qf5 28. h3 b5 29. Rg4 Qh7 30. Rdd4 a5 31. Rxg7+ Qxg7 32. Rg4 Qxg4 33.
Qxg4+ Kh7 34. Qe4+ Kg7 35. Qg4+ Kh7 36. Qe4+ Kg7 37. Qg4+ Kh7 1/2-1/2

[Event "4NCL Division 3 Central"]
[Site "Leamington Spa, ENG"]
[Date "2021.11.20"]
[Round "1.11"]
[White "Ashworth, Michael"]
[Black "Klein, Raimund"]
[Result "1/2-1/2"]
[WhiteElo "2211"]
[BlackElo "1962"]
[PlyCount "79"]
[EventDate "2021.11.20"]
[WhiteTeam "Wood Green Monarchs"]
[BlackTeam "Shropshire and Friends 1"]

1. d4 Nf6 2. c4 g6 3. Nc3 Bg7 4. e4 d6 5. f3 O-O 6. Be3 Nc6 7. Qd2 a6 8. Nge2
Rb8 9. h4 h5 10. Bh6 b5 11. Bxg7 Kxg7 12. Nc1 bxc4 13. Bxc4 e5 14. d5 Nd4 15.
N1e2 c5 16. Nxd4 exd4 17. Ne2 Nd7 18. Nf4 Ne5 19. Be2 Qb6 20. b3 Bd7 21. Nd3 f5
22. exf5 Bxf5 23. Nf2 Rfe8 24. O-O Qd8 25. g3 a5 26. Rae1 Rb7 27. f4 Ng4 28.
Nxg4 hxg4 29. Ba6 Rbe7 30. Bb5 Rxe1 31. Rxe1 Re4 32. Rxe4 Bxe4 33. Bc4 Kf7 34.
Qe2 Bf5 35. Kf2 Qf6 36. Bd3 Bc8 37. Qe1 Bb7 38. Qe4 Bc8 39. Qe1 Bb7 40. Qe4
1/2-1/2

[Event "4NCL Division 3 Central"]
[Site "Leamington Spa, ENG"]
[Date "2021.11.20"]
[Round "1.12"]
[White "Higgie, Charles L"]
[Black "Grigoryan, Meri"]
[Result "0-1"]
[WhiteElo "1922"]
[BlackElo "2155"]
[PlyCount "44"]
[EventDate "2021.11.20"]
[WhiteTeam "Shropshire and Friends 1"]
[BlackTeam "Wood Green Monarchs"]

1. d4 d5 2. c4 e5 3. dxe5 d4 4. Nf3 Nc6 5. g3 Nge7 6. Bg2 Ng6 7. Bf4 Nxf4 8.
gxf4 Bb4+ 9. Nbd2 f6 10. a3 Bxd2+ 11. Qxd2 O-O 12. b4 fxe5 13. b5 e4 14. bxc6
exf3 15. Bxf3 bxc6 16. Bxc6 Rb8 17. Bd5+ Kh8 18. Qxd4 c6 19. Qe5 Qa5+ 20. Kd1
cxd5 21. Qxb8 dxc4 22. Ra2 Qd5+ 0-1

[Event "4NCL Division 3 Central"]
[Site "Leamington Spa, ENG"]
[Date "2021.11.20"]
[Round "1.13"]
[White "Serbanescu, Diana-Maria"]
[Black "Gostelow, David W"]
[Result "1/2-1/2"]
[WhiteElo "1990"]
[BlackElo "1917"]
[PlyCount "80"]
[EventDate "2021.11.20"]
[WhiteTeam "Wood Green Monarchs"]
[BlackTeam "Shropshire and Friends 1"]

1. e4 c5 2. c3 Nf6 3. e5 Nd5 4. d4 cxd4 5. Nf3 Nc6 6. cxd4 d6 7. Bc4 e6 8. O-O
Nb6 9. Bb3 dxe5 10. dxe5 Qxd1 11. Rxd1 Na5 12. Nc3 Bd7 13. h3 Be7 14. Be3 Bc6
15. Nd4 O-O 16. Nxc6 bxc6 17. Ne4 Nd5 18. Bc5 Nxb3 19. Bxe7 Nxa1 20. Bxf8 Kxf8
21. Rxa1 Rb8 22. b3 Ke7 23. Rc1 Rb6 24. Nd6 Ra6 25. a4 f6 26. Nc4 Nb4 27. Rc3
Nd5 28. Rg3 Kf8 29. Rg4 c5 30. Rh4 Kg8 31. Re4 Kf7 32. g3 Rc6 33. f4 Rc7 34.
Nd6+ Ke7 35. Rc4 f5 36. Kf2 a6 37. Rc1 Nb4 38. Ke3 Nd5+ 39. Kf2 Nb4 40. Ke3
Nd5+ 1/2-1/2

[Event "4NCL Division 3 Central"]
[Site "Leamington Spa, ENG"]
[Date "2021.11.20"]
[Round "1.14"]
[White "Jamieson, Ian"]
[Black "Larkin, Benjamin"]
[Result "0-1"]
[WhiteElo "1885"]
[BlackElo "1921"]
[PlyCount "102"]
[EventDate "2021.11.20"]
[WhiteTeam "Shropshire and Friends 1"]
[BlackTeam "Wood Green Monarchs"]

1. b3 e5 2. Bb2 Nc6 3. e3 Nf6 4. Bb5 Bd6 5. a3 O-O 6. Be2 Re8 7. c4 Bf8 8. d3
d5 9. cxd5 Nxd5 10. Nd2 Be6 11. Ngf3 f6 12. O-O Qd7 13. Qc2 Rad8 14. d4 exd4
15. Nxd4 Nxd4 16. Bxd4 c5 17. Bxc5 Rc8 18. b4 b6 19. Nb3 bxc5 20. bxc5 Ne7 21.
Nd4 Kh8 22. Bb5 Nc6 23. Nxc6 Rxc6 24. Bxc6 Qxc6 25. e4 Rc8 26. Qd3 Qxc5 27.
Rfd1 Kg8 28. h3 Be7 29. Qd4 Rd8 30. Qxc5 Rxd1+ 31. Rxd1 Bxc5 32. Rd3 Kf7 33.
Rc3 Bd6 34. Kf1 a5 35. Ke2 a4 36. Rc1 Bb3 37. Ra1 Ke6 38. g3 Be5 39. Rb1 Bd6
40. Ra1 Ke5 41. Kd3 g5 42. h4 g4 43. h5 Bc5 44. Ke2 Kxe4 45. Rc1 Bxa3 46. Rc7
h6 47. Rh7 Bc1 48. Rc7 Bg5 49. Ra7 Kd4 50. f4 gxf3+ 51. Kxf3 Kc3 0-1

[Event "4NCL Division 3 Central"]
[Site "Leamington Spa, ENG"]
[Date "2021.11.20"]
[Round "1.15"]
[White "Morea, Georgiana-Steluta"]
[Black "Stuttard, David"]
[Result "1/2-1/2"]
[WhiteElo "1891"]
[BlackElo "1825"]
[PlyCount "94"]
[EventDate "2021.11.20"]
[WhiteTeam "Wood Green Monarchs"]
[BlackTeam "Shropshire and Friends 1"]

1. d4 Nf6 2. c4 Nc6 3. Nc3 e5 4. d5 Ne7 5. e4 Ng6 6. Nf3 Bb4 7. Bd3 O-O 8. O-O
d6 9. h3 Nh5 10. Ne2 f5 11. exf5 Bxf5 12. Ng5 Nhf4 13. Nxf4 exf4 14. Nxh7 Ne5
15. Nxf8 Nxd3 16. Ne6 Qh4 17. Qf3 g5 18. g4 Ne5 19. Qg2 Bd3 20. a3 Bc5 21. b4
Bxf1 22. Kxf1 Bb6 23. c5 dxc5 24. bxc5 Ba5 25. Bb2 Nd7 26. Qf3 Re8 27. Qd3 Qh6
28. Kg2 Nf6 29. Rd1 c6 30. Qf5 f3+ 31. Qxf3 Nxd5 32. Rxd5 cxd5 33. Nd4 Rd8 34.
Qf5 Bd2 35. Ne6 Re8 36. Nc7 Rd8 37. Ne6 Rd7 38. Nxg5 Qc6 39. Bd4 Bxg5 40. Qxg5+
Kf8 41. h4 Qa4 42. Qf6+ Rf7 43. Qd6+ Re7 44. Qf4+ Ke8 45. Qb8+ Kf7 46. Qf4+ Ke8
47. Qb8+ Kf7 1/2-1/2

[Event "4NCL Division 3 Central"]
[Site "Leamington Spa, ENG"]
[Date "2021.11.20"]
[Round "1.16"]
[White "Bryant, Richard B E"]
[Black "Woodhouse, Stephen V"]
[Result "1-0"]
[WhiteElo "1819"]
[BlackElo "1898"]
[PlyCount "113"]
[EventDate "2021.11.20"]
[WhiteTeam "Shropshire and Friends 1"]
[BlackTeam "Wood Green Monarchs"]

1. e4 e6 2. d4 d5 3. Nd2 dxe4 4. Nxe4 Nd7 5. Be3 Ngf6 6. Nxf6+ Nxf6 7. c3 Be7
8. Nf3 O-O 9. h3 b6 10. Qc2 c5 11. O-O-O Qc7 12. g3 Bb7 13. Bf4 Bd6 14. Bxd6
Qxd6 15. Be2 Be4 16. Qa4 Rfd8 17. Rhe1 Qc6 18. Qxc6 Bxc6 19. dxc5 bxc5 20.
Rxd8+ Rxd8 21. Ne5 Ba4 22. Nd3 Ne4 23. c4 Kf8 24. Bf1 f5 25. Nf4 Kf7 26. b3 Be8
27. Nd3 Kf6 28. Kc2 Bc6 29. Re3 g5 30. Bg2 Rd6 31. Bf3 e5 32. g4 Rd4 33. gxf5
Kxf5 34. Bg4+ Kf6 35. f3 Ng3 36. Nxe5 Bb7 37. Nd3 h5 38. Re6+ Kf7 39. Ne5+ Kf8
40. Rf6+ Ke8 41. Bf5 Ke7 42. Re6+ Kf8 43. Rf6+ Ke7 44. Rf7+ Kd6 45. Rxb7 Kxe5
46. Bd3 Kf4 47. Rxa7 Kxf3 48. Rg7 g4 49. hxg4 hxg4 50. a4 Ne4 51. a5 Ke3 52.
Bxe4 Rxe4 53. a6 Kf3 54. a7 Re8 55. Rf7+ Ke2 56. Re7+ Rxe7 57. a8=Q 1-0

[Event "4NCL Division 3 Central"]
[Site "Leamington Spa, ENG"]
[Date "2021.11.20"]
[Round "1.21"]
[White "Madden, Paul"]
[Black "Brown, Thomas"]
[Result "0-1"]
[WhiteElo "2088"]
[BlackElo "2123"]
[PlyCount "98"]
[EventDate "2021.11.20"]
[WhiteTeam "Ashfield 1"]
[BlackTeam "Rhyfelwyr Essyllwg"]

1. e4 g6 2. d4 Bg7 3. c4 d6 4. Nc3 Nf6 5. f4 c5 6. d5 O-O 7. Nf3 e6 8. dxe6
Bxe6 9. Be2 Nc6 10. O-O Re8 11. h3 Nd4 12. Nxd4 cxd4 13. Qxd4 Nd5 14. Qf2 Nxc3
15. bxc3 Qc7 16. f5 Bxc4 17. Bxc4 Qxc4 18. f6 Bf8 19. Be3 d5 20. Kh1 Rxe4 21.
Bxa7 Qxc3 22. Rac1 Qe5 23. Bc5 Re2 24. Qf3 Rexa2 25. Bxf8 Rxf8 26. Rce1 Qh5 27.
Qb3 Re2 28. Qxb7 Rfe8 29. Rxe2 Qxe2 30. Ra1 d4 31. Ra8 Qe1+ 32. Kh2 h5 33.
Rxe8+ Qxe8 34. Qd5 Qb8+ 35. Kg1 Qf4 36. Qd8+ Kh7 37. Qe7 Qe3+ 38. Kf1 Qe6 39.
Qd8 Qc4+ 40. Kf2 d3 41. Ke3 Qc1+ 42. Ke4 Qe1+ 43. Kf4 d2 44. Qe7 Qf2+ 45. Ke4
Qxg2+ 46. Ke3 Qd5 47. Qf8 d1=N+ 48. Ke2 Nc3+ 49. Ke3 Qe6+ 0-1

[Event "4NCL Division 3 Central"]
[Site "Leamington Spa, ENG"]
[Date "2021.11.20"]
[Round "1.22"]
[White "Hewitt, William"]
[Black "Mossong, Hubert"]
[Result "1-0"]
[WhiteElo "1997"]
[BlackElo "2039"]
[PlyCount "73"]
[EventDate "2021.11.20"]
[WhiteTeam "Rhyfelwyr Essyllwg"]
[BlackTeam "Ashfield 1"]

1. e4 d6 2. d4 Nf6 3. Nc3 c6 4. f4 Qa5 5. Bd3 e5 6. Nf3 Bg4 7. Be3 Nbd7 8. O-O
Be7 9. h3 Bh5 10. Qe1 Bxf3 11. Rxf3 Nh5 12. fxe5 dxe5 13. d5 Nhf6 14. a3 O-O
15. Rd1 Rad8 16. Bc4 Bc5 17. b4 Bxe3+ 18. Rxe3 Qb6 19. d6 a5 20. Na4 Qa7 21. b5
Nxe4 22. Kh1 Nef6 23. Rxe5 Nxe5 24. Qxe5 Rfe8 25. Qf5 Qe3 26. bxc6 bxc6 27.
Qxa5 Qxa3 28. Qc7 Nd7 29. Nb6 Ne5 30. d7 Nxd7 31. Nxd7 Rc8 32. Nf6+ Kh8 33.
Nxe8 Rxe8 34. Rd8 Qf8 35. Rxe8 Qxe8 36. Qxf7 Qd8 37. Qf4 1-0